World of art / (Record no. 3606)

MARC details
000 -LEADER
fixed length control field 00550nam a2200193 ar4500
001 - CONTROL NUMBER
control field 3608
005 - DATE AND TIME OF LATEST TRANSACTION
control field 20221127090758.0
008 - FIXED-LENGTH DATA ELEMENTS--GENERAL INFORMATION
fixed length control field 131216s xxu a 00110 eng d
020 ## - INTERNATIONAL STANDARD BOOK NUMBER
International Standard Book Number 9780205677207(pbk)
082 04 - DEWEY DECIMAL CLASSIFICATION NUMBER
Classification number 709
Item number Sy99 2010
100 1# - MAIN ENTRY--PERSONAL NAME
Personal name Sayre, Henry M.
245 10 - TITLE STATEMENT
Title World of art /
Statement of responsibility, etc. Henry M. Sayre.
250 ## - EDITION STATEMENT
Edition statement 6th ed.
260 ## - PUBLICATION, DISTRIBUTION, ETC.
Place of publication, distribution, etc. Upper Saddle River, NJ :
Name of publisher, distributor, etc. Prentice Hall,
Date of publication, distribution, etc. 2010.
300 ## - PHYSICAL DESCRIPTION
Extent xx, 554 p. :
Other physical details ill.(chiefly col.) ;
Dimensions 28 cm.
504 ## - BIBLIOGRAPHY, ETC. NOTE
Bibliography, etc. note Includes bibl. references and index.
650 #4 - SUBJECT ADDED ENTRY--TOPICAL TERM
Topical term or geographic name entry element Arts.
650 #4 - SUBJECT ADDED ENTRY--TOPICAL TERM
Topical term or geographic name entry element Art
General subdivision History.
Holdings
Withdrawn status Lost status Source of classification or shelving scheme Damaged status Not for loan Home library Current library Date acquired Total Checkouts Full call number Barcode Date last seen Date last checked out Copy number Price effective from Koha item type
            WOMEN 11/27/2022 1 709 Sy99 2010 1000000010010 01/19/2025 04/17/2024 C1 11/27/2022 Book